Mathematics for Elementary Teachers A Contemporary Approach. (Record no. 1461)

MARC details
000 -LEADER
fixed length control field 00421nam a22001217a 4500
005 - DATE AND TIME OF LATEST TRANSACTION
control field 20200831152530.0
008 - FIXED-LENGTH DATA ELEMENTS--GENERAL INFORMATION
fixed length control field 200831b ||||| |||| 00| 0 eng d
020 ## - INTERNATIONAL STANDARD BOOK NUMBER
International Standard Book Number 0023847603CML
040 ## - CATALOGING SOURCE
Transcribing agency CML
245 ## - TITLE STATEMENT
Title Mathematics for Elementary Teachers A Contemporary Approach.
Statement of responsibility, etc. Musser, G.L., Burger, W.F.
260 ## - PUBLICATION, DISTRIBUTION, ETC.
Place of publication, distribution, etc. New York
Name of publisher, distributor, etc. Macmillan Publishing Company
Date of publication, distribution, etc. 1988
942 ## - ADDED ENTRY ELEMENTS (KOHA)
Source of classification or shelving scheme Dewey Decimal Classification
Koha item type Books
Edition 1st Edition
Classification part 510.7
Call number suffix MUS
Holdings
Withdrawn status Lost status Source of classification or shelving scheme Damaged status Not for loan Collection code Home library Current library Shelving location Date acquired Total Checkouts Full call number Barcode Date last seen Copy number Price effective from Koha item type
    Dewey Decimal Classification     Natural Sciences & Mathematics Chalimbana Main Library Chalimbana Main Library Natural Sciences & Mathematics 08/31/2020   510.7 MUS 9780023847608 08/31/2020 1 08/31/2020 Books

Powered by Koha